Score 0/14 Timer 03:00
0 Plays Today
Scramble Answer % Correct
KABLC NAWSBlack Swan
90.2%
OD HET TIGRH GINHTDo the Right Thing
89.5%
ENO WLEF EVOR HET KUOCSOC SENTOne Flew Over the Cuckoo's Nest
89.2%
TOMNY HONTYP DAN EHT YLOH LIRGAMonty Python and the Holy Grail
88.5%
LEBU EVELTVBlue Velvet
86%
ROF A WFE LORDALS ROMEFor a Few Dollars More
78.6%
GINEB NOJH LOVHKCAIMBeing John Malkovich
77.2%
Scramble Answer % Correct
RANCLEWE FO BARIAALawrence of Arabia
72%
HTE PERIME KITERSS CKBAThe Empire Strikes Back
68.4%
LANTERE NISHENUS FO TEH TOPSELSS DIMNEternal Sunshine of the Spotless Mind
65.2%
TORNH YB SHOWERTNTNorth by Northwest
59.6%
AL LOITFIDANNECL.A. Confidential
41.2%
RATNOB KINFBarton Fink
37.3%
NOTARMRITE VOLATAINSTerminator: Salvation
8.9%
Remove Ads.
Support Sporcle.
Get the best of Sporcle when you Go Orange. This ad-free experience offers more features, more stats, and more fun while also helping to support Sporcle. Thank you for becoming a member.

You're not logged in!

Compare scores with friends on all Sporcle quizzes.
OR
Log In

Show Comments

Extras

Top Quizzes Today


Score Distribution

Your Account Isn't Verified!

In order to create a playlist on Sporcle, you need to verify the email address you used during registration. Go to your Sporcle Settings to finish the process.

Report this User

Report this user for behavior that violates our Community Guidelines.

Details: